Módulo de Administración de Bienes Adjudicados Integrado al SIAF® para la empresa ES Consultores S.A
Describe los resultados del proyecto de desarrollo del Módulo de administración de Bienes Adjudicados Integrado al SIAFR® para la empresa ES Consultores S.A, el módulo permite administrar las principales actividades que involucran la adjudicación, gestión y venta de bienes que son otorgados a u...
| Main Author: | |
|---|---|
| Other Authors: | |
| Format: | Tesis Section = Libro |
| Language: | Undetermined Spanish |
| Published: |
Managua
UNI
2015
|
| Subjects: |
| LEADER | 01292nam a2200289Ia 4500 | ||
|---|---|---|---|
| 008 | 240830s9999 xx 000 0 und d | ||
| 040 | |a BIBLIOTECA-RUSB/ Mon 005.74 C355 | ||
| 041 | |a spa | ||
| 082 | |a Mon 005.74 C355 | ||
| 100 | 1 | |a Castro Chavarría, Nelson Eddy | |
| 245 | 1 | 0 | |a Módulo de Administración de Bienes Adjudicados Integrado al SIAF® para la empresa ES Consultores S.A |
| 260 | |a Managua |b UNI |c 2015 | ||
| 300 | |a 155 p. :il. | ||
| 500 | |a Contiene: anexos. | ||
| 502 | |a Tesis (Ingeniero en Computación) - UNI, 2015. | ||
| 520 | 3 | |a Describe los resultados del proyecto de desarrollo del Módulo de administración de Bienes Adjudicados Integrado al SIAFR® para la empresa ES Consultores S.A, el módulo permite administrar las principales actividades que involucran la adjudicación, gestión y venta de bienes que son otorgados a una institución financiera. | |
| 650 | 7 | |a BASES DE DATOS- DISEÑO | |
| 650 | 7 | |b DOCUMENTOS REGISTRABLES-BASES DE DATOS | |
| 650 | 7 | |c PROCESAMIENTO DE DATOS | |
| 650 | 7 | |d DESARROLLO DE SOFTWARE | |
| 650 | 7 | |e PROGRAMAS PARA COMPUTADOR | |
| 650 | 7 | |f SISTEMA DE INFORMACIÓN | |
| 650 | 7 | |g PRÁCTICAS PROFESIONALES | |
| 700 | 1 | |a Tutor: |b Valle Izaguirre, Flor de María | |
| 942 | |c BK |2 ddc | ||
| 991 | |a TESIS | ||
| 999 | |c 19766 | ||